01199nam a2200289 a 450000100100000000500170001000800410002702000210006802000210008904000250011008200130013510000260014824000260017424500940020026000320029430000290032649000500035549000500040550400320045570000390048770000360052683000570056283000570061995201080067695201080078499900170089200004158920201002035644.0130902s1984 sp c 000 0 spa d a84345816398v. 1 a84345816478v. 2 aDO-SdBNPbspacBNPHU axxxbxxx1 aDubos, Rene J.96835410aLouis PasteurlIngles10aPasteur /cRene J. Dubos; prólogo, Pedro Lain Entralgo; traducción, Francisco Guerra. aBarcelona :bSalvat,c1984. a2 v. :bretrs. ;c20 cm.1 aBiblioteca Salvat de grandes biografíasv181 aBiblioteca Salvat de grandes biografíasv19 aBibliografía p: 369bv. 21 aEntralgo, Pedro Laineprol.9495551 aGuerra, Franciscoetrad.926538 0aBiblioteca Salvat de grandes biografíasv18942025 0aBiblioteca Salvat de grandes biografíasv19942025 001050718MOaGRbGRcCTd2013-10-11iLF1l0ov. 1p41589-10r2020-06-25w2020-06-25y1ZNo se presta 001050718MOaGRbGRcCTd2013-10-11iLF1l0ov. 2p41589-20r2020-06-25w2020-06-25y1ZNo se presta c41079d41079